• 首页
  • 本馆介绍
  • 公告通知
  • 最新文献
  • 馆藏检索
  • 电子资源
  • 读者导购
  • 参考咨询
  • 我的图书馆
  • 登录
  • 详细信息显示
  • 放入我的书架
  • 预约/预借图书
  • 作者相关作品
  • 分类相关作品
  • 丛书相关作品
  • 出版社相关作品

书目信息

  • 表格格式
  • 工作单格式
  • 卡片格式
题名:
专业人像摄影范例
    
 
作者: 于仲安 主编
分册:  
出版信息: 杭州   浙江摄影出版社  1999
页数: 75页
开本: 29×29cm
丛书名:
单 册:
中图分类: J413
科图分类:
主题词: 人像摄影-摄影技术 , 摄影技术-人像摄影
电子资源:
ISBN: 7-80536-638-1
000 00643nam0 2200229 45
001 0199063525
005 20031219104121.5
010    @a7-80536-638-1@b精装@dCNY138
100    @a19991026d1999 em y0chiy0121 ea
101 0  @achi
102    @aCN@b330000
105    @aa z 000yy
106    @ar
200 1  @a专业人像摄影范例@Azhuan ye ren xiang she ying fan li@f于仲安主编
210    @a杭州@c浙江摄影出版社@d1999
215    @a75页@d29×29cm
606    @a人像摄影-摄影技术
606    @a摄影技术-人像摄影
690    @aJ413@v3
701  0 @a于仲安@Ayu zhong an@4主编
801    @aCN@bTSTC@c20031115
905    @b328167-171@dJ413@e162@f5@a213230
    
    专业人像摄影范例/于仲安主编.-杭州:浙江摄影出版社,1999
    75页;29×29cm
    
    
    ISBN 7-80536-638-1(精装):CNY138
    
●
相关链接 在E读中查询图书 在五车中查询图书 在当当中查询图书 在豆瓣中查询图书


正题名:专业人像摄影范例     索取号:J413/162         预约/预借

序号 登录号 条形码 馆藏地/架位号 状态 备注
1 0328167   203281670   工具书阅览室/ [索取号:J413/162] 在馆    
2 0328168   203281689   密集书库/ [索取号:J413/162] 在馆    
3 0328169   203281698   密集书库/ [索取号:J413/162] 在馆    
4 0328170   203281705   密集书库/ [索取号:J413/162] 在馆    
5 0328171   203281714   第一样本阅览室/ [索取号:J413/162] 在馆    
唐山师范学院图书馆 欢迎您!
大连网信软件有限公司© 版权所有